000 00444nam a22001577a 4500
003 OSt
005 20251031104411.0
008 251031b |||||||| |||| 00| 0 eng d
022 _a0040-5639
100 _aThomas P. Rausch, SJ
245 _aMANNION, GERALD:
_bPope Francis and the Future of Catholicism
260 _aUSA,
_bSages Publications;
_c2018
300 _aP.207-209
440 _aTheological Studies
_nNo.1
_vVol.79
942 _2lcc
_cART
999 _c205012
_d204972